[Event "Sunnyvale Summer op"]
[Site "Sunnyvale"]
[Date "2023.07.01"]
[Round "2"]
[White "Lu, Joshua"]
[Black "Mieles Palau, Daniel Alberto"]
[Result "0-1"]
[WhiteElo "1870"]
[BlackElo "2369"]
[PlyCount "102"]
[EventDate "2023.07.01"]
[EventType "swiss"]
[EventRounds "7"]
[EventCountry "USA"]
[SourceTitle "EXT 2024"]
[Source "ChessBase"]
[SourceDate "2023.10.10"]
[SourceVersion "1"]
[SourceVersionDate "2023.10.10"]
[SourceQuality "1"]

1. c4 e6 2. Nf3 d5 3. g3 Nf6 4. Bg2 dxc4 5. Qa4+ Nbd7 6. Qxc4 a6 7. 0-0 b5 8. Qc2 Bb7 9. Nc3 c5 10. d3 Be7 11. a3 0-0 12. Rb1 c4 13. d4 a5 14. Nd2 Bxg2 15. Kxg2 Qb6 16. a4 b4 17. Nb5 Rfc8 18. e4 Qc6 19. f3 b3 20. Qd1 Nb6 21. Nc3 Nxa4 22. Ra1 Nxc3 23. bxc3 a4 24. Nb1 e5 25. d5 Qb7 26. Ba3 Bxa3 27. Rxa3 Ne8 28. Qc1 Nd6 29. Rf2 h6 30. g4 Nb5 31. Ra1 a3 32. Nxa3 Rxa3 33. Rxa3 Nxa3 34. Qxa3 Ra8 35. Qc1 Ra2 36. g5 Rxf2+ 37. Kxf2 b2 38. Qb1 hxg5 39. Ke2 Kf8 40. h3 Ke7 41. Kd2 Qb3 42. Qg1 Kf6 43. h4 gxh4 44. Qg4 g6 45. Qxh4+ Kg7 46. Qe7 Qb8 47. d6 b1Q 48. Qxe5+ Kg8 49. d7 Q8b2+ 50. Ke3 Qd3+ 51. Kf4 Qh2+ 0-1

[Event "Titled Tuesday intern op 06th Jun Late"]
[Site "Chess.com INT"]
[Date "2023.06.06"]
[Round "6"]
[White "Omariev, Maksim"]
[Black "Mieles Palau, Daniel Alberto"]
[Result "0-1"]
[WhiteElo "2304"]
[BlackElo "2369"]
[PlyCount "66"]
[EventDate "2023.06.06"]
[EventType "swiss (blitz)"]
[EventRounds "11"]
[EventCountry "USA"]
[SourceTitle "EXT 2024"]
[Source "ChessBase"]
[SourceDate "2023.10.10"]
[SourceVersion "1"]
[SourceVersionDate "2023.10.10"]
[SourceQuality "1"]

1. g4 e5 2. Bg2 Nc6 3. c4 d6 4. h3 g6 5. Nc3 Bg7 6. d3 Nge7 7. e4 h5 8. Bg5 f6 9. Be3 Be6 10. gxh5 Rxh5 11. Nge2 Qd7 12. h4 0-0-0 13. Ng3 Rh7 14. h5 Rdh8 15. hxg6 Rxh1+ 16. Bxh1 f5 17. exf5 Nxf5 18. Be4 Ncd4 19. Qd2 Rh2 20. Nf1 Rh4 21. 0-0-0 Qe8 22. Bg5 Rg4 23. f3 Rxg5 24. Qxg5 Bh6 25. Qxh6 Nxh6 26. Ne3 Nhf5 27. Nxf5 Bxf5 28. Rg1 Bxe4 29. fxe4 c6 30. Rg2 Qf8 31. Nd1 Qh6+ 32. Kb1 Qh1 33. Rd2 Nf3 0-1

[Event "Titled Tuesday intern op 06th Jun Late"]
[Site "Chess.com INT"]
[Date "2023.06.06"]
[Round "7"]
[White "Rodriguez Santiago, Jaime"]
[Black "Mieles Palau, Daniel Alberto"]
[Result "0-1"]
[WhiteElo "2020"]
[BlackElo "2369"]
[PlyCount "60"]
[EventDate "2023.06.06"]
[EventType "swiss (blitz)"]
[EventRounds "11"]
[EventCountry "USA"]
[SourceTitle "EXT 2024"]
[Source "ChessBase"]
[SourceDate "2023.10.10"]
[SourceVersion "1"]
[SourceVersionDate "2023.10.10"]
[SourceQuality "1"]

1. c4 e6 2. Nf3 d5 3. g3 Nf6 4. Bg2 c6 5. 0-0 dxc4 6. a4 b5 7. axb5 cxb5 8. Nc3 b4 9. Ne5 Nd5 10. Nxd5 exd5 11. Nxc4 Nc6 12. Ne3 Be6 13. d3 Be7 14. Bd2 0-0 15. Qa4 Nd4 16. Qd1 a5 17. b3 h6 18. Bc1 Nb5 19. Bb2 Bf6 20. d4 Qb6 21. Nxd5 Bxd5 22. Bxd5 Rad8 23. e4 Nxd4 24. Bxd4 Bxd4 25. Ra4 Kh8 26. Qf3 Rd6 27. Rc1 Rf6 28. Qg4 Rxf2 29. Kh1 Qf6 30. Rxa5 Rf1+ 0-1

[Event "Titled Tuesday intern op 24th Jan Late"]
[Site "Chess.com INT"]
[Date "2023.01.24"]
[Round "5"]
[White "Mieles Palau, Daniel Alberto"]
[Black "Adewumi, Tanitoluwa"]
[Result "0-1"]
[WhiteElo "2369"]
[BlackElo "2305"]
[PlyCount "148"]
[EventDate "2023.01.24"]
[EventType "swiss (blitz)"]
[EventRounds "11"]
[EventCountry "USA"]
[SourceTitle "EXT 2024"]
[Source "ChessBase"]
[SourceDate "2023.10.10"]
[SourceVersion "1"]
[SourceVersionDate "2023.10.10"]
[SourceQuality "1"]

1. b3 Nf6 2. Bb2 g6 3. e3 Bg7 4. Nf3 0-0 5. c4 c5 6. Be2 Nc6 7. 0-0 d5 8. cxd5 Nxd5 9. Bxg7 Kxg7 10. Qc2 Bf5 11. Qxc5 Rc8 12. Nc3 Nf6 13. Rac1 b6 14. Qb5 Qd6 15. d4 Bd7 16. Qd3 Nb4 17. Qd2 Bc6 18. Ne5 Nbd5 19. Nxc6 Qxc6 20. Bf3 Qe6 21. h3 h5 22. Nxd5 Nxd5 23. e4 Nf6 24. Qf4 Rfd8 25. d5 Qd7 26. Rcd1 Rc2 27. e5 Nh7 28. e6 fxe6 29. dxe6 Qe8 30. Be4 Nf6 31. Qe5 Rxd1 32. Bxc2 Rd2 33. Bb1 Rd5 34. Qe3 Qc6 35. Re1 Qd6 36. a4 Rd1 37. g3 Rd2 38. Qf3 Qd4 39. Kg2 Qd6 40. Re3 Rd4 41. Rc3 h4 42. Re3 hxg3 43. Qxg3 Qxg3+ 44. Rxg3 Ne4 45. Rg4 Nc3 46. Rxd4 Nxb1 47. Rd7 Kf6 48. Rxa7 Nd2 49. Ra6 Nxb3 50. Rxb6 Na5 51. Rb5 Nc6 52. a5 Kxe6 53. a6 Kd6 54. Rb7 Na5 55. a7 Nxb7 56. a8Q Nc5 57. Qg8 Ne6 58. Qxg6 Ke5 59. h4 Nf4+ 60. Kg3 Nxg6 61. h5 Nf8 62. Kg4 Kf6 63. Kf4 Nh7 64. Ke4 Ke6 65. Kf4 Kf6 66. Ke4 Ng5+ 67. Kf4 Nf7 68. Ke4 Kg5 69. Kd5 Kf5 70. f3 e5 71. Kc4 Kg5 72. Kd5 Kxh5 73. Ke6 Kg6 74. Kd5 Kf5 0-1

[Event "Titled Tuesday intern op 24th Jan Late"]
[Site "Chess.com INT"]
[Date "2023.01.24"]
[Round "9"]
[White "Mieles Palau, Daniel Alberto"]
[Black "Yuan, Qingyu"]
[Result "0-1"]
[WhiteElo "2369"]
[BlackElo "2373"]
[PlyCount "60"]
[EventDate "2023.01.24"]
[EventType "swiss (blitz)"]
[EventRounds "11"]
[EventCountry "USA"]
[SourceTitle "EXT 2024"]
[Source "ChessBase"]
[SourceDate "2023.10.10"]
[SourceVersion "1"]
[SourceVersionDate "2023.10.10"]
[SourceQuality "1"]

1. b3 d5 2. e3 Nf6 3. Bb2 e6 4. Nf3 Be7 5. c4 0-0 6. Qc2 dxc4 7. Ng5 cxb3 8. axb3 Re8 9. h4 h6 10. Nc3 Nc6 11. Nce4 Nb4 12. Qb1 Nbd5 13. Bc4 Nxe4 14. Qxe4 Bxg5 15. hxg5 Qxg5 16. f4 Qg3+ 17. Kf1 Bd7 18. Rh3 Qg6 19. f5 Nf6 20. Qxb7 exf5 21. Qxc7 Be6 22. Rxa7 Rxa7 23. Qxa7 Ne4 24. Qd4 Qg4 25. Rf3 Kh7 26. Kg1 Re7 27. Rf4 Qd1+ 28. Kh2 Qh5+ 29. Kg1 Qg5 30. Bd3 Rd7 0-1

[Event "Titled Tuesday intern op 13th Dec Late"]
[Site "Chess.com INT"]
[Date "2022.12.13"]
[Round "6"]
[White "Bjelobrk, Igor"]
[Black "Mieles Palau, Daniel Alberto"]
[Result "1-0"]
[WhiteElo "2405"]
[BlackElo "2369"]
[PlyCount "77"]
[EventDate "2022.12.13"]
[EventType "swiss (blitz)"]
[EventRounds "11"]
[EventCountry "USA"]
[SourceTitle "EXT 2024"]
[Source "ChessBase"]
[SourceDate "2023.10.10"]
[SourceVersion "1"]
[SourceVersionDate "2023.10.10"]
[SourceQuality "1"]

1. Nf3 c5 2. c4 g6 3. d4 cxd4 4. Nxd4 Bg7 5. e4 Nc6 6. Be3 Qb6 7. Nb3 Qc7 8. Qd2 Nf6 9. f3 Ne5 10. Na3 0-0 11. Be2 d6 12. 0-0 a6 13. Rac1 Be6 14. c5 Bxb3 15. cxd6 Qxd6 16. Qxd6 exd6 17. axb3 Rfc8 18. Rfd1 Rxc1 19. Rxc1 d5 20. exd5 Nxd5 21. Bf2 Nc6 22. Nc4 Nd4 23. Bd1 Rc8 24. Rb1 Nf4 25. Kf1 Nd3 26. Bg1 Ne6 27. Be2 Nb4 28. Nd6 Rc7 29. Ne8 Rc2 30. Nxg7 Kxg7 31. Bd1 Rd2 32. Be3 Rd3 33. Ke2 Rd7 34. Rc1 Nc6 35. Kf2 Ned4 36. g4 h6 37. f4 f5 38. h3 fxg4 39. hxg4 1-0

[Event "Titled Tuesday intern op 13th Dec Late"]
[Site "Chess.com INT"]
[Date "2022.12.13"]
[Round "4"]
[White "Gorodetzky, David"]
[Black "Mieles Palau, Daniel Alberto"]
[Result "1-0"]
[WhiteElo "2495"]
[BlackElo "2369"]
[PlyCount "65"]
[EventDate "2022.12.13"]
[EventType "swiss (blitz)"]
[EventRounds "11"]
[EventCountry "USA"]
[SourceTitle "EXT 2024"]
[Source "ChessBase"]
[SourceDate "2023.10.10"]
[SourceVersion "1"]
[SourceVersionDate "2023.10.10"]
[SourceQuality "1"]

1. d4 d5 2. Bf4 e6 3. e3 Nf6 4. Nf3 c5 5. Nbd2 Nc6 6. c3 Bd6 7. dxc5 Bxc5 8. Bd3 Qe7 9. e4 dxe4 10. Nxe4 Nxe4 11. Bxe4 0-0 12. 0-0 e5 13. Bxc6 exf4 14. Bd5 Rd8 15. Qb3 Rb8 16. Rae1 Qf6 17. Re4 Bg4 18. Bxf7+ Qxf7 19. Qxf7+ Kxf7 20. Rxf4+ Kg8 21. Rxg4 Re8 22. Re1 Rxe1+ 23. Nxe1 Rd8 24. b4 Bb6 25. c4 Rd2 26. c5 Bc7 27. g3 Rxa2 28. Rd4 Be5 29. Rd5 Bc3 30. Nd3 a5 31. Rd8+ Kf7 32. bxa5 Ke6 33. Rd6+ 1-0

[Event "Titled Tuesday intern op 13th Dec Late"]
[Site "Chess.com INT"]
[Date "2022.12.13"]
[Round "10"]
[White "Mieles Palau, Daniel Alberto"]
[Black "D'Arruda, Ricardo D"]
[Result "0-1"]
[WhiteElo "2369"]
[BlackElo "2271"]
[PlyCount "88"]
[EventDate "2022.12.13"]
[EventType "swiss (blitz)"]
[EventRounds "11"]
[EventCountry "USA"]
[SourceTitle "EXT 2024"]
[Source "ChessBase"]
[SourceDate "2023.10.10"]
[SourceVersion "1"]
[SourceVersionDate "2023.10.10"]
[SourceQuality "1"]

1. c4 e5 2. g3 Nf6 3. Bg2 Nc6 4. Nc3 Bb4 5. Nd5 Bc5 6. e3 d6 7. Ne2 0-0 8. 0-0 Nxd5 9. cxd5 Ne7 10. d4 exd4 11. Nxd4 Nf5 12. Nc2 Bd7 13. b4 Bb6 14. Bb2 Re8 15. a4 a5 16. b5 Qg5 17. Rc1 h5 18. h4 Qg6 19. Nd4 Nxg3 20. fxg3 Qxg3 21. Qf3 Qg6 22. Kf2 Bg4 23. Qf4 Re5 24. Bf3 Rae8 25. Rce1 Bxd4 26. Qxd4 Rf5 27. Ke2 Rxf3 28. Rxf3 Re4 29. Qc3 Bxf3+ 30. Kxf3 Qg4+ 31. Kf2 Qxh4+ 32. Ke2 Qg4+ 33. Kd2 Rxa4 34. Re2 Rc4 35. Qd3 a4 36. Bd4 Rb4 37. Qc2 a3 38. Rf2 Qg5 39. Qe4 a2 40. Qe8+ Kh7 41. Qe4+ Qg6 42. Qxg6+ Kxg6 43. Rg2+ Kf5 44. Kd3 Rxd4+ 0-1

[Event "FIDE World Cup American Qual Gp7"]
[Site "Tornelo INT"]
[Date "2021.05.25"]
[Round "2.2"]
[White "Bacallao Alonso, Yusnel"]
[Black "Mieles Palau, Daniel Alberto"]
[Result "1/2-1/2"]
[WhiteElo "2590"]
[BlackElo "2364"]
[PlyCount "36"]
[EventDate "2021.05.22"]
[EventType "k.o. (rapid)"]
[EventRounds "4"]
[EventCountry "USA"]
[SourceTitle "CBM 202 Extra"]
[Source "ChessBase"]
[SourceDate "2021.07.31"]
[SourceVersion "1"]
[SourceVersionDate "2021.07.31"]
[SourceQuality "1"]

1. e4 c5 2. Nf3 Nc6 3. Bb5 e5 4. 0-0 Bd6 5. c3 Nge7 6. d4 cxd4 7. cxd4 exd4 8. Nxd4 0-0 9. Nc3 Nxd4 10. Qxd4 Qc7 11. Kh1 a6 12. Be2 Be5 13. Qc4 Qxc4 14. Bxc4 Bxc3 15. bxc3 b5 16. Bb3 Bb7 17. Rd1 Bc6 18. Ba3 Rfe8 1/2-1/2

[Event "FIDE World Cup American Qual Gp7"]
[Site "Tornelo INT"]
[Date "2021.05.24"]
[Round "2.1"]
[White "Mieles Palau, Daniel Alberto"]
[Black "Bacallao Alonso, Yusnel"]
[Result "0-1"]
[WhiteElo "2364"]
[BlackElo "2590"]
[PlyCount "74"]
[EventDate "2021.05.22"]
[EventType "k.o. (rapid)"]
[EventRounds "4"]
[EventCountry "USA"]
[SourceTitle "CBM 202 Extra"]
[Source "ChessBase"]
[SourceDate "2021.07.31"]
[SourceVersion "1"]
[SourceVersionDate "2021.07.31"]
[SourceQuality "1"]

1. c4 Nf6 2. Nf3 e6 3. Nc3 d5 4. e3 c5 5. cxd5 exd5 6. d4 Nc6 7. Bb5 cxd4 8. Nxd4 Bd7 9. 0-0 Bd6 10. Nf3 Bg4 11. b3 0-0 12. Bxc6 bxc6 13. Bb2 Be5 14. h3 Bxf3 15. Qxf3 Ne4 16. Rfc1 Re8 17. Rc2 Bxc3 18. Bxc3 Re6 19. Bd4 Rg6 20. Qf5 Nd6 21. Qf4 Qd7 22. Rac1 Ne4 23. Kh2 h6 24. b4 a6 25. a4 Qb7 26. Qe5 Rc8 27. f4 Qd7 28. b5 axb5 29. axb5 c5 30. Bxc5 Qxb5 31. Qxd5 Re8 32. Qc4 Qb7 33. Bd4 Ng3 34. Qc7 Qe4 35. Rb1 Ne2 36. Rxe2 Qxb1 37. e4 Qd3 0-1

[Event "FIDE World Cup American Qual Gp7"]
[Site "Tornelo INT"]
[Date "2021.05.23"]
[Round "1.2"]
[White "Mieles Palau, Daniel Alberto"]
[Black "Carbone, Diego"]
[Result "1/2-1/2"]
[WhiteElo "2364"]
[BlackElo "2234"]
[PlyCount "48"]
[EventDate "2021.05.22"]
[EventType "k.o. (rapid)"]
[EventRounds "4"]
[EventCountry "USA"]
[SourceTitle "CBM 202 Extra"]
[Source "ChessBase"]
[SourceDate "2021.07.31"]
[SourceVersion "1"]
[SourceVersionDate "2021.07.31"]
[SourceQuality "1"]

1. c4 c5 2. Nc3 Nc6 3. g3 g6 4. Bg2 Bg7 5. Nf3 e6 6. d4 cxd4 7. Nb5 d5 8. cxd5 Qa5+ 9. Nd2 Qxb5 10. dxc6 Ne7 11. a4 Qb6 12. Nc4 Qb4+ 13. Bd2 Qxc4 14. cxb7 Bxb7 15. Bxb7 Rb8 16. Rc1 Qa2 17. Ba6 0-0 18. b4 Qa3 19. 0-0 Nd5 20. Ra1 Qb2 21. Rb1 Qa3 22. Ra1 Qb2 23. Rb1 Qa2 24. Ra1 Qb2 1/2-1/2

[Event "Preinscritos IRT Online"]
[Site "Chess.com INT"]
[Date "2020.12.26"]
[Round "10"]
[White "Noboa Silva, Kevin Omar"]
[Black "Mieles Palau, Daniel Alberto"]
[Result "0-1"]
[WhiteElo "2412"]
[BlackElo "2592"]
[PlyCount "96"]
[EventDate "2020.12.26"]
[EventType "swiss"]
[EventRounds "11"]
[EventCountry "ECU"]
[SourceTitle "CBM 200 Extra"]
[Source "ChessBase"]
[SourceDate "2021.03.31"]
[SourceVersion "1"]
[SourceVersionDate "2021.03.31"]
[SourceQuality "1"]

1. d4 Nf6 2. c4 e6 3. Nc3 d5 4. cxd5 exd5 5. Bg5 Be7 6. e3 0-0 7. Bd3 c6 8. Nge2 Nbd7 9. 0-0 Re8 10. Qc2 Nf8 11. Rad1 Ng6 12. h3 Be6 13. f4 Nf8 14. f5 Bd7 15. Qc1 Rc8 16. Kh1 h6 17. Bh4 N8h7 18. Bf2 Bd6 19. Nf4 Ng5 20. Bg1 a6 21. Bh2 Qe7 22. Rde1 b5 23. a3 a5 24. Qd1 b4 25. axb4 axb4 26. Na4 Nfe4 27. h4 Nh7 28. Bxe4 Qxe4 29. Nc5 Bxc5 30. dxc5 Qxf5 31. Ne2 Qg4 32. Rf4 Qg6 33. Nd4 Nf6 34. Qd2 Ng4 35. Bg1 Re5 36. Ref1 Rh5 37. g3 Rf8 38. Qg2 Re5 39. Re1 Rfe8 40. Qd2 Nf6 41. Rf3 Bg4 42. Rf4 Bh5 43. Nxc6 Ne4 44. Qg2 Qxc6 45. g4 Bg6 46. h5 Bh7 47. Ref1 Ng5 48. e4 Bxe4 0-1

[Event "Preinscritos IRT Online"]
[Site "Chess.com INT"]
[Date "2020.12.26"]
[Round "4"]
[White "Perez Rodriguez, Jennifer"]
[Black "Mieles Palau, Daniel Alberto"]
[Result "1-0"]
[WhiteElo "2318"]
[BlackElo "2592"]
[PlyCount "39"]
[EventDate "2020.12.26"]
[EventType "swiss"]
[EventRounds "11"]
[EventCountry "ECU"]
[SourceTitle "CBM 200 Extra"]
[Source "ChessBase"]
[SourceDate "2021.03.31"]
[SourceVersion "1"]
[SourceVersionDate "2021.03.31"]
[SourceQuality "1"]

1. e4 c5 2. Nf3 Nc6 3. c3 Nf6 4. e5 Nd5 5. d4 cxd4 6. cxd4 d6 7. Bc4 dxe5 8. Nxe5 e6 9. 0-0 Be7 10. Nxc6 bxc6 11. Nc3 Nxc3 12. bxc3 0-0 13. Bd3 c5 14. dxc5 Bb7 15. Be2 Qa5 16. Qd7 Qxc3 17. Be3 Bf6 18. Qxb7 Qc2 19. Rae1 Bc3 20. Rc1 1-0

[Event "Online Olym Div2 E"]
[Site "Chess.com INT"]
[Date "2020.08.16"]
[Round "9.2"]
[White "Mieles Palau, Daniel Alberto"]
[Black "Escobar Forero, Alder"]
[Result "1/2-1/2"]
[WhiteElo "2356"]
[BlackElo "2510"]
[PlyCount "179"]
[EventDate "2020.08.14"]
[EventType "team-tourn (rapid)"]
[EventRounds "9"]
[EventCountry "USA"]
[SourceTitle "CBM 198"]
[Source "ChessBase"]
[SourceDate "2020.10.31"]
[SourceVersion "1"]
[SourceVersionDate "2020.10.31"]
[SourceQuality "1"]
[WhiteTeam "Ecuador"]
[BlackTeam "Colombia"]
[WhiteTeamCountry "ECU"]
[BlackTeamCountry "COL"]

1. c4 d6 2. Nc3 e5 3. g3 Nf6 4. Bg2 Be7 5. e4 0-0 6. Nge2 a6 7. a4 a5 8. 0-0 Na6 9. h3 Be6 10. d3 c6 11. f4 Nc7 12. Be3 Qb8 13. f5 Bd7 14. d4 b5 15. axb5 cxb5 16. dxe5 dxe5 17. cxb5 Bxb5 18. Nxb5 Nxb5 19. g4 Rd8 20. Qa4 Rd3 21. Bf2 Rd2 22. Ng3 Nd4 23. g5 Nd7 24. f6 Bc5 25. Kh1 Nb6 26. Qa2 g6 27. Rad1 Rxd1 28. Rxd1 Ne6 29. Bxc5 Nxc5 30. Nf1 Ne6 31. h4 h6 32. h5 Kh7 33. hxg6+ Kxg6 34. Bh3 Nxg5 35. Bf5+ Kxf6 36. Ng3 Kg7 37. Nh5+ Kh8 38. Qa3 Qf8 39. Qc3 f6 40. Qc6 Rd8 41. Rc1 Qd6 42. Qxd6 Rxd6 43. Rc7 Kg8 44. Ra7 a4 45. Rb7 Kf8 46. Kg2 Nc4 47. Rb8+ Ke7 48. Kf2 Rb6 49. Rc8 Rxb2+ 50. Kg3 Ne3 51. Rc7+ Kd6 52. Rd7+ Kc6 53. Nxf6 Rg2+ 54. Kh4 Rh2+ 55. Kg3 Rg2+ 56. Kh4 Nf3+ 57. Kh5 Nxf5 58. exf5 Rg5+ 59. Kxh6 Rxf5 60. Rf7 e4 61. Kg6 Nh4+ 62. Kg7 e3 63. Re7 Ng2 64. Kg6 Rf3 65. Ng4 Rg3 66. Kf5 a3 67. Ne5+ Kb5 68. Rb7+ Ka4 69. Ra7+ Kb3 70. Rb7+ Ka2 71. Nd3 e2 72. Nc1+ Ka1 73. Nxe2 Rf3+ 74. Kg4 Re3 75. Nc1 Ne1 76. Kf4 Rc3 77. Nb3+ Kb2 78. Nd4+ Ka2 79. Ne2 Rc4+ 80. Ke3 Rc8 81. Kd2 Nf3+ 82. Ke3 Ne5 83. Kd4 Nc6+ 84. Kd3 Na5 85. Rb5 Nb3 86. Nc3+ Kb2 87. Na4+ Ka2 88. Nc3+ Kb2 89. Na4+ Ka2 90. Nc3+ 1/2-1/2

[Event "Titled Tuesday intern op 5th May"]
[Site "Chess.com INT"]
[Date "2020.05.05"]
[Round "10"]
[White "Mieles Palau, Daniel Alberto"]
[Black "Rangel, Daniel"]
[Result "1-0"]
[WhiteElo "2364"]
[BlackElo "2227"]
[PlyCount "67"]
[EventDate "2020.05.05"]
[EventType "swiss (blitz)"]
[EventRounds "10"]
[EventCountry "USA"]
[SourceTitle "EXT 2021"]
[Source "ChessBase"]
[SourceDate "2020.10.23"]
[SourceVersion "1"]
[SourceVersionDate "2020.10.23"]
[SourceQuality "1"]

1. e4 c5 2. Nf3 g6 3. d4 cxd4 4. Nxd4 Bg7 5. Nc3 Nc6 6. Be3 Nf6 7. Bc4 0-0 8. Bb3 Re8 9. Nxc6 dxc6 10. Qxd8 Rxd8 11. f3 b6 12. a4 Bb7 13. a5 c5 14. Kf2 Nd7 15. Rhd1 Ne5 16. Rxd8+ Rxd8 17. axb6 axb6 18. Ra7 Rb8 19. Bd5 Bxd5 20. Nxd5 e6 21. Nxb6 Rxb6 22. Ra8+ Bf8 23. Rxf8+ Kg7 24. b3 Rc6 25. Rb8 c4 26. b4 Rd6 27. b5 c3 28. Ke2 Nc4 29. b6 Nxe3 30. Kxe3 Rd2 31. b7 Rxc2 32. Rc8 Rb2 33. b8Q Rxb8 34. Rxb8 1-0